000
00207 a2200097 4500
001
13660
100
_a
Aziz, K K
245
_a
Ameer Ali:
260
_a
Lahore
_b
United Printing Press
_c
090
_c
10654
_d
10654
942
_a
NUST-CAE
_c
M
_c
730
999
_c
248733
_d
248733